Sobre la distinción entre estupro y abuso sexual. ¿Un resabio del modelo de la coacción? / (Registro nro. 5507)
[ vista simple ]
| 000 -LEADER | |
|---|---|
| fixed length control field | 01533nab a22002537a 4500 |
| 003 - CONTROL NUMBER IDENTIFIER | |
| control field | OSt |
| 005 - DATE AND TIME OF LATEST TRANSACTION | |
| control field | 20251210094237.0 |
| 008 - FIXED-LENGTH DATA ELEMENTS--GENERAL INFORMATION | |
| fixed length control field | 190502c xxu||||| |||| 00| 0 spa d |
| 040 ## - CATALOGING SOURCE | |
| Transcribing agency | PJ |
| 100 ## - MAIN ENTRY--PERSONAL NAME | |
| 9 (RLIN) | 6497 |
| Personal name | Kingston, Mateo |
| 245 10 - TITLE STATEMENT | |
| Title | Sobre la distinción entre estupro y abuso sexual. ¿Un resabio del modelo de la coacción? / |
| Statement of responsibility, etc | Mateo Kingston. |
| 260 ## - PUBLICATION, DISTRIBUTION, ETC. (IMPRINT) | |
| Place of publication, distribution, etc | Ciudad Autónoma de Buenos Aires : |
| Name of publisher, distributor, etc | Thomson Reuters La Ley, |
| Date of publication, distribution, etc | 2025. |
| 300 ## - PHYSICAL DESCRIPTION | |
| Extent | p. 42-60 |
| 500 ## - GENERAL NOTE | |
| General note | Cita Online: AR/DOC/2441/2025. |
| 505 ## - FORMATTED CONTENTS NOTE | |
| Formatted contents note | Sumario: I. Introducción.— II. El delito de estupro en la legislación argentina. — III. El papel del consentimiento en los delitos sexuales.— IV. El problema de delimitación. La solución de la cláusula de subsidiariedad.— V. La última reforma del delito de estupro en Argentina.— VI. ¿El estupro como un delito mala prohibita?— VII. Análisis de la criminalización del estupro por razones preventivas.— VIII. La propuesta de regulación de lege ferenda.— IX. Conclusión. — X. Bibliografía complementaria.<br/> |
| 505 ## - FORMATTED CONTENTS NOTE | |
| Title | ¿Te interesa el texto completo? Solicitalo al correo: koha@justierradelfuego.gov.ar |
| 650 #0 - SUBJECT ADDED ENTRY--TOPICAL TERM | |
| 9 (RLIN) | 343 |
| Topical term or geographic name as entry element | DERECHO PENAL |
| 650 #0 - SUBJECT ADDED ENTRY--TOPICAL TERM | |
| Topical term or geographic name as entry element | DELITOS CONTRA LA INTEGRIDAD SEXUAL |
| 9 (RLIN) | 2902 |
| 650 #0 - SUBJECT ADDED ENTRY--TOPICAL TERM | |
| Topical term or geographic name as entry element | ABUSO SEXUAL CALIFICADO POR ACCESO CARNAL |
| 9 (RLIN) | 4467 |
| 650 #0 - SUBJECT ADDED ENTRY--TOPICAL TERM | |
| Topical term or geographic name as entry element | DELITOS |
| 9 (RLIN) | 3136 |
| 650 #0 - SUBJECT ADDED ENTRY--TOPICAL TERM | |
| Topical term or geographic name as entry element | CONSENTIMIENTO |
| 9 (RLIN) | 5585 |
| 773 0# - HOST ITEM ENTRY | |
| Host Biblionumber | 2729 |
| Host Itemnumber | 3180 |
| Place, publisher, and date of publication | Buenos Aires : LexisNexis, 2006- |
| Title | Revista de derecho penal y procesal penal. Nº 11 - Noviembre 2025 |
| International Standard Book Number | 9875920622 |
| 942 ## - ADDED ENTRY ELEMENTS (KOHA) | |
| Source of classification or shelving scheme | |
| Koha item type | Analítica Artículo de Revista |
No hay ítems disponibles.
